| 000 | 00640nam a22002057a 4500 | ||
|---|---|---|---|
| 001 | 86479 | ||
| 003 | BD-RjUL | ||
| 005 | 20260514121849.0 | ||
| 008 | 260514s1959 pk ||||| |||| 00| 0 urd d | ||
| 035 | _a(BD-RjUL)86479 | ||
| 040 |
_aBD-RjUL _beng _cBD-RjUL |
||
| 041 | _aurd | ||
| 082 |
_223 _a891.43915 _bADK 1959 |
||
| 100 |
_aعدم، عبدالحمید, Adam, Abd-al-Ḥamīd _918484 |
||
| 245 | 1 | 0 |
_aخرابات خرابات /Kharābāt / _cعبدلحمید عدم, Adam (Author) / ʿAbd-al-Ḥamīd ʿAdam |
| 264 |
_aLahor : _bNaya adarat , _c1959 |
||
| 300 |
_a172 , p. _c22 cm |
||
| 650 |
_aurdu poetry _918353 |
||
| 942 |
_2ddc _cBK |
||
| 999 |
_c86479 _d86479 |
||